000 007110000a22001930004500
008 081021t xxu||||| |||| 00| 0 eng d
010 _aENG-84547
020 _a8121209056
020 _c540.00 (hb)
035 _aEN-68080
082 _a303.625
100 _aSahai, Shashi B
245 _aJihadi terrorism:
_bmaking of a world war? /
_cby Shashi B Sahai
260 _aNew Delhi
_bGyan Publishing House
_e5, Ansari Road, Darya Ganj, New Delhi-110002
260 _c2006
300 _a320p
_c22cm
942 _2ddc
_cEN
_h303.625
_mSAH
999 _c17852
_d17852